| 000 | 00946cam a22002174a 4500 | ||
|---|---|---|---|
| 005 | 20250605164248.0 | ||
| 008 | 250528s ||||||||||||||||||||||||d | ||
| 035 | _a21592 | ||
| 020 | _a9789603944379 | ||
| 040 |
_aGR-AtMCL _bgre _dGR-AtMCL _eAACR2 |
||
| 245 | 1 | _aΑΞΙΟΠΟΙΗΣΗ ΑΝΘΡΩΠΙΝΟΥ ΔΥΝΑΜΙΚΟΥ ΩΣ ΜΕΣΟ ΑΥΞΗΣΗ ΠΑΡΑΓΩΓΙΚΟΤΗΤΑΣ ΤΟΥ ΝΟΣΟΚΟΜΕΙΑΚΟΥ ΕΡΓΟΥ | |
| 250 | _a1 | ||
| 260 |
_bΕκδόσεις Παρισιάνου, _c2006 |
||
| 300 | _a216 | ||
| 505 | 0 | _aΔΙΟΙΚΗΤΙΚΟ ΠΡΟΣΩΠΙΚΟ ΙΑΤΡΙΚΟ ΠΡΟΣΩΠΙΚΟ ΦΡΟΝΤΙΔΑ ΑΣΘΕΝΟΥΣ ΔΕΙΓΜΑ ΕΡΕΥΝΑΣ | |
| 520 | _aΔΙΟΙΚΗΤΙΚΟ ΠΡΟΣΩΠΙΚΟ ΙΑΤΡΙΚΟ ΠΡΟΣΩΠΙΚΟ ΦΡΟΝΤΙΔΑ ΑΣΘΕΝΟΥΣ ΔΕΙΓΜΑ ΕΡΕΥΝΑΣ | ||
| 700 | 1 |
_aΔημουτσος Ανδρεας Δρ _97550 |
|
| 942 | _cBK | ||
| 999 |
_c6653 _d6653 |
||